Studies on tiger beetles . LXXVI On some new or poorly known African species (<Coleoptera, Cicindelidae>) (Registro nro. 11054)

Detalles MARC
000 -CABECERA
Campo de control 006150000a22001930004500
090 ## - CLASIFICACIÓN LOCAL
Colección AR
Consecutivo 01977
041 0# - IDIOMA
Código de idioma para texto/pista de sonido o título separado
100 1# - ASIENTO PRINCIPAL--NOMBRE PERSONAL
Nombre personal Cassola, Fabio
245 10 - MENCION DE TITULO
Título Studies on tiger beetles . LXXVI On some new or poorly known African species (<Coleoptera, Cicindelidae>)
650 14 - ASIENTO SECUNDARIO DE MATERIA - TERMINO TEMATICO
Término temático o nombre geográfico como elemento de entrada Entomología
650 14 - ASIENTO SECUNDARIO DE MATERIA - TERMINO TEMATICO
Término temático o nombre geográfico como elemento de entrada Biodiversidad
650 14 - ASIENTO SECUNDARIO DE MATERIA - TERMINO TEMATICO
Término temático o nombre geográfico como elemento de entrada Coleópteros
650 14 - ASIENTO SECUNDARIO DE MATERIA - TERMINO TEMATICO
Término temático o nombre geográfico como elemento de entrada Inventarios de insectos
650 14 - ASIENTO SECUNDARIO DE MATERIA - TERMINO TEMATICO
Término temático o nombre geográfico como elemento de entrada Taxonomía animal
651 #4 - ASIENTO SECUNDARIO DE MATERIA - NOMBRE GEOGRAFICO
-- Africa
600 14 - ASIENTO SECUNDARIO DE MATERIA - NOMBRE PERSONAL
Date of a work Cicindelidae
773 1# - Item fuente:
Título Fragmenta Entomologica
Especificación de materiales 660
Descripción física 2
Paginas del Articulo 259-291
Lugar, editorial y fecha de publicación 1995
Información sobre la relación 26
942 ## - ELEMENTOS ADICIONALES (KOHA)
Tipo de ítem Artículo
Existencias
Withdrawn status Lost status Damaged status No para préstamo Colección Ubicación Permanente Ubicación actual Fecha de adquisición Fuente de Valor Datos de publicación Seriada Total Checkouts Número topográfico Inventario / Código de Barras Date last seen Ejemplar Price effective from Forma de adquisición Tipo de material
      No para Préstamo Hemeroteca Bogotá Bogotá 27/02/2015 Instituto de Ciencias Naturales Fuera de circulación   AR 01977 012351 25/03/2015 1 25/03/2015   Artículo